000
00303nam a22001337a 4500
008
180125b xxu||||| |||| 00| 0 eng d
020
_a
9780072486605
041
_a
eng
080
_2
5 ed
_a
330.722.6
100
_a
62
101
_a
kon
245
_a
managerial accouting
_c
hilton.r.w
942
_2
udc
_c
BK
999
_c
40933
_d
40933